Estrategia para una educación sexual en el medio escolar
Furkejuvvon:
| Váldodahkki: | |
|---|---|
| Materiálatiipa: | Girji |
| Giella: | espánnjágiella |
| Almmustuhtton: |
Buenos Aires
Kapelusz
1975
|
| Ráidu: | Enfoques y fundamentos pedagógicos
|
| Fáttát: | |
| Fáddágilkorat: |
Lasit fáddágilkoriid
Eai fáddágilkorat, Lasit vuosttaš fáddágilkora!
|
MARC
| LEADER | 00000nam a2200000 a 4500 | ||
|---|---|---|---|
| 001 | UCY8126 | ||
| 003 | CL-VaPUC | ||
| 008 | 950623e19750000AG |||||||||||||||||spa|d | ||
| 082 | 0 | 4 | |a 372.372 |b LEC |2 21 |
| 100 | 0 | |a Lecoq, M |e author |9 339284 | |
| 245 | 1 | 0 | |a Estrategia para una educación sexual en el medio escolar |
| 300 | |a 111 p | ||
| 942 | |c BK | ||
| 945 | |d 19950623 00:00:00 |a cmena | ||
| 260 | |a Buenos Aires |b Kapelusz |c 1975 | ||
| 650 | 0 | |a Educación sexual |9 308005 | |
| 650 | 0 | |a Métodos de enseñanza |9 270413 | |
| 650 | 0 | |a Sexo |9 257818 | |
| 650 | 0 | |a Comunicación |9 257251 | |
| 650 | 0 | |a Psicología educacional |9 307830 | |
| 650 | 7 | |a GRUPOS |2 CL-VaPUC |9 336429 | |
| 650 | 0 | |a Transferencia de información |9 335933 | |
| 583 | |a last modification |c 19950623 00:00:00 |k Rodrigo Vera | ||
| 490 | 0 | |a Enfoques y fundamentos pedagógicos | |
| 999 | |c 235404 |d 235402 | ||
| 952 | |0 0 |1 0 |4 0 |6 372_372000000000000_LEC_1975 |7 0 |8 P |9 242799 |a BIBEDU |b BIBEDU |c BIBEDU_PB |d 2019-11-18 |i 1522868 |o 372.372 LEC 1975 |p 1522868 |r 2024-01-25 |w 2019-11-18 |y BK |k EDU | ||